000 00365nam a2200121Ia 4500
008 151001s9999||||xx |||||||||||||| ||und||
100 _aहरी नारायण आपटे
245 _aस्फुट गोष्टी भाग-३ रा
250 _a1
260 _b-
300 _a156
365 _b7.5
999 _c948390
_d948387